Деньги. Кредит. Банки: учебник для вузов

Detalles Bibliográficos
Otros Autores: Жуков Е. Ф. Евгений Федорович (редактор)
Sumario:Четвертое издание учебника значительно переработано и дополнено самыми новейшими данными о деятельности зарубежных и российских банковских структур. Дается анализ основных направлений развития отношений, связанных с функционированием денег, кредита, банков. Рассматриваются и сопоставляются различные модели денежно-кредитных и валютных отношений зарубежных стран и Российской Федерации. Значительное внимание уделяется инфляции (причинам и социально-экономическим последствиям, антиинфляционной политике государств), а также международным валютным и расчетным отношениям, вопросам конвертируемости валют, накопления ссудного капитала и др. Для студентов вузов, обучающихся по экономическим специальностям, специалистов в области финансов и кредита.
Lenguaje:ruso
Publicado: Москва, ЮНИТИ, 2014
Edición:4-е изд., перераб. и доп.
Materias:
Formato: Libro
KOHA link:https://koha.lib.tpu.ru/cgi-bin/koha/opac-detail.pl?biblionumber=259736

MARC

LEADER 00000nam0a2200000 4500
001 259736
005 20231101233419.0
010 |a 9785238015293 
035 |a (RuTPU)RU\TPU\book\282682 
035 |a RU\TPU\book\75139 
035 |a RU\TPU\book\130057 
035 |a RU\TPU\book\162143 
035 |a RU\TPU\book\162143 
090 |a 259736 
100 |a 20041124d2014 m y0rusy50 ca 
101 0 |a rus 
102 |a RU 
105 |a y j 000zy 
200 1 |a Деньги. Кредит. Банки  |e учебник для вузов  |f под ред. Е. Ф. Жукова 
205 |a 4-е изд., перераб. и доп. 
210 |a Москва  |c ЮНИТИ  |d 2014 
215 |a 783 с. 
330 |a Четвертое издание учебника значительно переработано и дополнено самыми новейшими данными о деятельности зарубежных и российских банковских структур. Дается анализ основных направлений развития отношений, связанных с функционированием денег, кредита, банков. Рассматриваются и сопоставляются различные модели денежно-кредитных и валютных отношений зарубежных стран и Российской Федерации. Значительное внимание уделяется инфляции (причинам и социально-экономическим последствиям, антиинфляционной политике государств), а также международным валютным и расчетным отношениям, вопросам конвертируемости валют, накопления ссудного капитала и др. Для студентов вузов, обучающихся по экономическим специальностям, специалистов в области финансов и кредита. 
451 1 |0 (RuTPU)RU\TPU\book\130057  |y 978-5-238-01206-3  |t Деньги. Кредит. Банки  |o учебник для вузов  |f под ред. Е. Ф. Жукова  |e 3-е изд., перераб. и доп.  |c М.  |n ЮНИТИ  |d 2007  |p 703 с. 
606 1 |a Финансы  |x Экономика  |y Россия  |2 stltpush  |3 (RuTPU)RU\TPU\subj\67534  |9 83291 
610 1 |a экономика 
610 1 |a деньги 
610 1 |a денежная система 
610 1 |a инфляция 
610 1 |a международные валютно-финансовые отношения 
610 1 |a кредит 
610 1 |a ссудные капиталы 
610 1 |a банки 
610 1 |a коммерческие банки 
610 1 |a инвестиционные банки 
610 1 |a ипотечные банки 
610 1 |a сберегательные банки 
610 1 |a денежные системы 
610 1 |a США 
610 1 |a Франция 
610 1 |a Великобритания 
610 1 |a ФРГ 
610 1 |a Япония 
610 1 |a Канада 
610 1 |a Италия 
610 1 |a Китай 
610 1 |a Российская Федерация 
610 1 |a банковские системы 
610 1 |a учебники 
686 |a У9(2)26я73  |v LBC/SL-A  |2 rubbk 
702 1 |a Жуков  |b Е. Ф.  |g Евгений Федорович  |4 340 
801 1 |a RU  |b 63413507  |c 20140512 
801 2 |a RU  |b 63413507  |c 20150625  |g RCR 
900 |a Деньги, кредит, банки 
942 |c BK 
952 |b 080300  |b 081200  |l 8 
959 |a 78/20140512  |d 5  |e 400,00  |f ЧЗГЛ:1  |f АНЛ:1  |f УФ:3